Elección contable y sus efectos económicos (Registro nro. 975)

Detalles MARC
000 -LEADER
fixed length control field 01649 a2200217 4500
001 - CONTROL NUMBER
control field 22354
005 - DATE AND TIME OF LATEST TRANSACTION
control field 20260407155513.0
008 - FIXED-LENGTH DATA ELEMENTS--GENERAL INFORMATION
fixed length control field 260407a1992 arg spa d
003 - CONTROL NUMBER IDENTIFIER
control field AR-UNSa-BCEJYS
040 ## - CATALOGING SOURCE
Original cataloging agency AR-UNSa-BCEJYS
Language of cataloging spa
Transcribing agency AR-UNSa-BCEJYS
080 ## - UNIVERSAL DECIMAL CLASSIFICATION NUMBER
Universal Decimal Classification number 657
Common auxiliary subdivision Contabilidad
020 ## - INTERNATIONAL STANDARD BOOK NUMBER
International Standard Book Number 84-476-0014-9
100 1# - MAIN ENTRY--PERSONAL NAME
Personal name Arcas Pellicer, María Jose
245 10 - TITLE STATEMENT
Title Elección contable y sus efectos económicos
Name of part/section of a work contraste empiricos en la banca española
264 #1 - PRODUCTION, PUBLICATION, DISTRIBUTION, MANUFACTURE, AND COPYRIGHT NOTICE
Place of production, publication, distribution, manufacture Madrid :
Name of producer, publisher, distributor, manufacturer Ministerio de Economía y Hacienda
Date of production, publication, distribution, manufacture, or copyright notice 1992
300 ## - PHYSICAL DESCRIPTION
Extent 356 p.
Dimensions 24 cm.
505 ## - FORMATTED CONTENTS NOTE
Formatted contents note Parte I: Teoría positiva de la contabilidad : 1. El paradigma de utilidad - 2. Teoría positiva de la contabilidad - 3. Información contable y mercado de capitales - 4. Efectos económicos de los cambios contables - Parte II: El bancario español : 5. El sector bancario español - Parte III: La elección de criterios contables en la banca española: 6. Determinantes de la elección de criterios contables - 7. Estudio empírico de la contabilización de los compromisos por complementos de pensiones en la banca española - Parte IV: Reacción del precio de las acciones a las normas contables en la banca española: 8. Determinantes de la reacción del precio de las acciones a los cambios contables - 9. Estudio empirico de las reacción del precio de las acciones a las normas sobre provisión de insolvencias y riesgo-pais.
590 ## - LOCAL NOTE (RLIN)
Local note niveau_biblio:m niveau_hierar:0
856 41 - ELECTRONIC LOCATION AND ACCESS
Uniform Resource Identifier <a href="https://biblioeco.unsa.edu.ar/pmb/images/libros/Eleccion contable y sus efectos economicos, Contrastes empiricos en la banca Espa?ola-l119500.jpg">https://biblioeco.unsa.edu.ar/pmb/images/libros/Eleccion contable y sus efectos economicos, Contrastes empiricos en la banca Espa?ola-l119500.jpg</a>
Link text Imagen de portada
Electronic format type image/jpeg
942 ## - ADDED ENTRY ELEMENTS (KOHA)
Koha item type
Existencias
Withdrawn status Lost status Damaged status Not for loan Home library Current library Shelving location Date acquired Total checkouts Full call number Barcode Date last seen Price effective from Koha item type
        Biblioteca Prof. Eusebio Cleto del Rey Biblioteca Prof. Eusebio Cleto del Rey   07/04/2026   P657 A668 L119500 07/04/2026 07/04/2026 Libro